Culture Générale - Série 1827 - Statistiques

Statistiques générales
  • Ce quiz a été pris 89 fois
  • Le résultat moyen est 4 sur 10
Statistiques - réponses
Question Réponse % Correct
Complétez le titre du film réalisé en 2014 par Eric Lartigaud avec Louane, Karine Viard et François Damiens : "La famille ... Bélier
80%
Dans quel pays européen se trouve la ville de Dinant ? Belgique
74%
Dans quel pays européen se trouve la ville d'Erlangen ? Allemagne
60%
Dans quel pays européen se trouve le lac Inari ? Finlande
52%
Dans quel pays d'Amérique se trouve la ville de Tepic ? Mexique
45%
Quel animal est le "tinamou" ? oiseau
43%
Dans quel pays européen se trouve la ville de Torun ? Pologne
30%
L'ibéride est une plante crucifère nommée aussi corbeille d .... argent
21%
Quel fleuve de 949 km traverse la République centrafricaine, le Tchad et le Cameroun ? Chari
6%
Forme de noeud utilisée par les marins pour attacher deux cordages de différents diamètres. agui
2%
Aucun quiz correspondant
Distribution des résultats
% des personnes avec chaque résultat
Percentile par nombre de réponses
Votre historique - résultats
Vous n’avez pas pris ce quiz